000
00275nam a22001217a 4500
008
230504b |||||||| |||| 00| 0 eng d
100
_a
J. D. Jain
245
_a
Indian Easements Act
260
_a
Haryana
_b
ALA
_c
2005
300
_a
200
546
_a
English
942
_2
ddc
_c
BK
999
_c
19996
_d
19996